Rhode Island Towns and Cities - Statistics

General Stats
  • This quiz has been taken 493 times
  • The average score is 22 of 39
Answer Stats
Answer % Correct
Providence
97%
Warwick
85%
Newport
83%
East Providence
78%
Pawtucket
75%
Cranston
74%
North Kingstown
64%
Westerly
63%
Woonsocket
63%
Bristol
62%
North Providence
61%
South Kingstown
61%
West Warwick
58%
Narragansett
57%
Barrington
56%
East Greenwich
55%
Portsmouth
54%
Central Falls
53%
Tiverton
53%
Smithfield
52%
Coventry
51%
Middletown
51%
Cumberland
50%
Jamestown
50%
Lincoln
49%
Little Compton
48%
West Greenwich
48%
Charlestown
47%
Foster
47%
Johnston
47%
Exeter
46%
North Smithfield
45%
New Shoreham
42%
Warren
42%
Richmond
41%
Scituate
40%
Glocester
37%
Hopkinton
36%
Burrillville
34%
No matching quizzes found
Score Distribution
Percent of People with Each Score
Percentile by Number Answered
Your Score History
You have not taken this quiz